Word Ladder: Video Game Meets Babel Fish Quiz Stats

 Plays Quiz Updated Sep 3, 2017

Challenge
Share
Tweet
Embed
Score 0/18 Timer 02:00
0 Plays Today
Hint 4-Letter Word % Correct
Rabbit relativeHARE
98.1%
Without clothingBARE
98%
Italy's shapeBOOT
97.5%
Right at this place or positionHERE
96.6%
Person of distinguished courage or abilityHERO
92.3%
Fork prongTINE
89.4%
Firm up flabby musclesTONE
89.3%
Zinfandel or Cabernet Sauvignon, e.g. WINE
89.2%
Burial chamberTOMB
89.1%
Hint 4-Letter Word % Correct
Drill a holeBORE
87.8%
Large, scholarly bookTOME
87.7%
✶ Nil, or first word of Taito video game ✶✶ZERO✶
84.6%
Abrasive diamonds used for cuttingBORT
81.7%
✶ Avian appendage, or second word of Taito video game ✶✶WING✶
81.5%
Massachusetts speaker/sound tech companyBOSE
77.9%
• 'All your ____ are belong to us.' ••BASE•
77.8%
• 'Somebody set up us the ____.' ••BOMB•
72.6%
Foolish or stupid personBOOB
71.8%

Today's Daily Dose

Word Ladder
Bruno Mars Song

Get the Picture
Japanese Cars

You're not logged in!

Compare scores with friends on all Sporcle quizzes.
OR
Log In

You Might Also Like...

Show Comments

Extras

Top Quizzes Today


Score Distribution

Your Account Isn't Verified!

In order to create a playlist on Sporcle, you need to verify the email address you used during registration. Go to your Sporcle Settings to finish the process.

Report this User

Report this user for behavior that violates our Community Guidelines.

Details: